000
00215nmm a2200085Ia 4500
008
220120s9999||||xx |||||||||||||||||und||
100
_a
LINUX
245
0
_a
Unlimited Choice: Open windows pund ict. Pype
260
_c
2005
999
_c
138458
_d
138458